Statistics for Chicago Bulls: Leading Scorer Every Year

Click here to take the quiz!

General Stats

  • This quiz has been taken 1,174 times
    (515 since last reset)
  • The average score is 36 of 57

Answer Stats

YearPlayerAverage% Correct
1994-1995Michael Jordan26.9
99%
1984-1985Michael Jordan28.2
99%
1997-1998Michael Jordan28.7
99%
1996-1997Michael Jordan29.6
99%
1995-1996Michael Jordan30.4
99%
1992-1993Michael Jordan32.6
99%
1991-1992Michael Jordan30.1
99%
1990-1991Michael Jordan31.5
99%
1989-1990Michael Jordan33.6
99%
1988-1989Michael Jordan32.5
99%
1987-1988Michael Jordan35.0
99%
1986-1987Michael Jordan37.1
99%
1985-1986Michael Jordan22.7
99%
2020-2021Zach LaVine27.4
97%
2019-2020Zach LaVine25.5
97%
2018-2019Zach LaVine23.7
97%
2022-2023Zach LaVine24.8
97%
1993-1994Scottie Pippen22.0
93%
2011-2012Derrick Rose21.8
92%
2010-2011Derrick Rose25.0
92%
2009-2010Derrick Rose20.8
92%
2001-2002Jalen Rose23.8
92%
2002-2003Jalen Rose22.1
92%
2021-2022DeMar DeRozan27.9
91%
2015-2016Jimmy Butler20.9
73%
2014-2015Jimmy Butler20.0
73%
2016-2017Jimmy Butler23.9
73%
1981-1982Artis Gilmore18.5
63%
1976-1977Artis Gilmore18.6
63%
1978-1979Artis Gilmore23.7
63%
1977-1978Artis Gilmore22.9
63%
2013-2014Luol Deng19.0
50%
2012-2013Luol Deng16.5
50%
1974-1975Bob Love22.0
47%
1973-1974Bob Love21.8
47%
1972-1973Bob Love23.1
47%
1971-1972Bob Love25.8
47%
1975-1976Bob Love19.1
47%
1970-1971Bob Love25.2
47%
1998-1999Toni Kukoc18.8
32%
2008-2009Ben Gordon20.7
29%
2005-2006Ben Gordon16.9
29%
2007-2008Ben Gordon18.6
29%
2006-2007Ben Gordon21.4
29%
1967-1968Bob Boozer21.5
29%
1968-1969Bob Boozer21.7
29%
1999-2000Elton Brand20.1
25%
2000-2001Elton Brand20.1
25%
1979-1980Reggie Theus20.2
21%
1982-1983Reggie Theus23.8
21%
1980-1981Reggie Theus28.9
21%
2003-2004Jamal Crawford17.3
15%
1969-1970Chet Walker21.5
12%
2004-2005Eddy Curry16.1
12%
1983-1984Orlando Woolridge19.3
9%
2017-2018Nikola Mirotic16.8
7%
1966-1967Guy Rodgers18.0
5%

Score Distribution

Percentile by Number Answered

Percent of People with Each Score

Your Score History

You have not taken this quiz since the last reset